000 00215nam a22000977a 4500
020 _a0027587703
100 _aC. S. Lewis
245 _aThe Silver Chair /
260 _aLondon
_b Geoffrey Bles
_c1953.
942 _cBK
999 _c266212
_d266211